| 000 | 00362nam a22001217a 4500 | ||
|---|---|---|---|
| 020 | _a0-85052-043-6 | ||
| 082 | _a358.2 CRA'K | ||
| 100 |
_aTATMAN, J. A. COLONEL,KENNETT, B. B BRIGADIER _979530 |
||
| 245 | _aCRAFSMAN OF THE ARMY THE STORY OF THE ROYAL ELECTRICAL AND MECHANICAL ENGINEER'S | ||
| 260 |
_aLONDON _bLEO COOPER _c1970 |
||
| 300 | _a425P | ||
| 942 | _cBK | ||
| 999 |
_c584561 _d584561 |
||